Feedback in second language writing: (Record no. 664)

MARC details
000 -LEADER
fixed length control field 00761nam a22002177a 4500
005 - DATE AND TIME OF LATEST TRANSACTION
control field 20230126032844.0
008 - FIXED-LENGTH DATA ELEMENTS--GENERAL INFORMATION
fixed length control field 230126b |||||||| |||| 00| 0 eng d
020 ## - INTERNATIONAL STANDARD BOOK NUMBER
International Standard Book Number 978-1-108-43997-8
082 ## - DEWEY DECIMAL CLASSIFICATION NUMBER
Classification number 418.00711 F295 2019
100 ## - MAIN ENTRY--PERSONAL NAME
Personal name Hyland, Ken
Relator term editor
245 ## - TITLE STATEMENT
Title Feedback in second language writing:
Remainder of title contexts and issues /
Statement of responsibility, etc. edited by Ken Hyland and Fiona Hyland
250 ## - EDITION STATEMENT
Edition statement 2nd edition
260 ## - PUBLICATION, DISTRIBUTION, ETC.
Place of publication, distribution, etc. Cambridge, UK:
Name of publisher, distributor, etc. Cambridge University Press,
Date of publication, distribution, etc. c2019.
300 ## - PHYSICAL DESCRIPTION
Extent xv, 314p.
490 ## - SERIES STATEMENT
Series statement The Cambridge applied linguistics: series
500 ## - GENERAL NOTE
General note Includes index and references
541 ## - IMMEDIATE SOURCE OF ACQUISITION NOTE
Accession number 6684
650 ## - SUBJECT ADDED ENTRY--TOPICAL TERM
Topical term or geographic name entry element Language and languages - Study and teaching (Higher)
650 ## - SUBJECT ADDED ENTRY--TOPICAL TERM
Topical term or geographic name entry element Second language acquisition
700 ## - ADDED ENTRY--PERSONAL NAME
Personal name Hyland, Fiona
Relator term author
Holdings
Withdrawn status Lost status Source of classification or shelving scheme Damaged status Not for loan Home library Current library Date acquired Total Checkouts Full call number Barcode Date last seen Copy number Price effective from Koha item type
    Dewey Decimal Classification     ctu-moalboal ctu-moalboal 02/19/2021   418.00711 F295 2019 6684 01/26/2023 1 01/26/2023 Books-Reference